| 000 | 00872nam0a22002651 4500 | ||
|---|---|---|---|
| 001 | rc\927556 | ||
| 005 | 20041129095319.9 | ||
| 035 | _a(NLR Aleph) 006101160 | ||
| 090 |
_a5260356 _c5260356 |
||
| 100 | _a20041129d1982 u |0rusy50 ca | ||
| 101 | 0 | _arus | |
| 102 | _aRU | ||
| 105 | _ay ||||||||| | ||
| 200 | 1 | _aЛенинизм и судьбы национальных литератур | |
| 205 | _a3-е изд., доп. и перераб. | ||
| 210 |
_aМ. _cСовременник _d1982 |
||
| 215 |
_a288 с. _d21 |
||
| 300 | _aНа обороте тит. л. авт.: чл.-кор. АН СССР Г.И. Ломидзе | ||
| 320 | _aБиблиогр.: с. 284-287 | ||
| 700 | 1 |
_aЛомидзе _bГ. И. _f1914- _gГеоргий Иосифович |
|
| 801 | 0 |
_aRU _bNLR _gpsbo |
|
| 801 | 1 |
_aRU _bELAR _2rusmarc |
|
| 852 |
_aNLR _j83-3/4463 |
||
| 942 | _cBOOK | ||
| 980 | _aNB | ||